British Sports Stars By Surname - The Letter H (Photo Quiz) - Statistics

General Stats
  • This quiz has been taken 66 times
  • The average score is 10 of 20
Answer Stats
Picture Hint Answer % Correct
Born 1985 Motor Racing Lewis Hamilton
95%
Born 1976 Cycling Chris Hoy
82%
Born 1960 Motor Racing Damon Hill
82%
Born 1974 Tennis Tim Henman
75%
1929 - 1975 Motor Racing Graham Hill
68%
Born 2002 Athletics Keely Hodgkinson
64%
Born 1970 Athletics Kelly Holmes
64%
Born 1957 Football Glen Hoddle
63%
1949-2010 Alex Higgins
61%
Born 1969 Snooker Stephen Hendry
59%
Born 1941 Football Geoff Hurst
57%
Born 1968 Cricket Nasser Hussein
45%
Born 1971 Boxing Audley Harrison
38%
Born 1978 Cricket Steve Harmison
34%
Born 1944 Athletics David Hemery
30%
1939 - 2017 Cricket Rachel Heyhoe-Flint
30%
Born 1995 Athletics Zharnel Hughes
27%
Born 2000 Football Lauren Hemp
23%
Born 1971 Boxing Herbie Hide
21%
1940 - 2025 Cycling Barry Hoban
7%
No matching quizzes found
Score Distribution
Percent of People with Each Score
Percentile by Number Answered
Your Score History
You have not taken this quiz